Retailing (Record no. 80203)
[ view plain ]
| 000 -LEADER | |
|---|---|
| fixed length control field | 01204nam a2200217 a 4500 |
| 008 - FIXED-LENGTH DATA ELEMENTS--GENERAL INFORMATION | |
| fixed length control field | 120416s1988 ||||||||||||||||| || u |
| 020 ## - INTERNATIONAL STANDARD BOOK NUMBER | |
| International Standard Book Number | 0256058156 |
| 050 ## - LIBRARY OF CONGRESS CALL NUMBER | |
| Classification number | HF 5429 Mas |
| 100 ## - MAIN ENTRY--PERSONAL NAME | |
| Personal name | Ezell, Hazel F |
| 245 10 - TITLE STATEMENT | |
| Title | Retailing |
| 250 ## - EDITION STATEMENT | |
| Edition statement | 3rd. ed. |
| 260 ## - PUBLICATION, DISTRIBUTION, ETC. | |
| Place of publication, distribution, etc. | Plano, Texas |
| Name of publisher, distributor, etc. | Business Publications |
| Date of publication, distribution, etc. | 1988 |
| 300 ## - PHYSICAL DESCRIPTION | |
| Extent | xviii, 638p. : ill |
| 350 ## - | |
| -- | 0.00 |
| 700 ## - ADDED ENTRY--PERSONAL NAME | |
| Personal name | Mason, Barry J |
| 995 ## - | |
| -- | ANNEX COLLECTION (Main Library) |
| -- | 0.00 |
| -- | 725402 |
| -- | CBU-MAIN LIBRARY (Kitwe) |
| -- | 2 |
| -- | 30.40 |
| -- | HF 5429 Mas |
| -- | AVAILABLE |
| -- | 004913 |
| -- | Annex Low-Usage Collection |
| 995 ## - | |
| -- | TEXTBOOKS (DDEOL) |
| -- | 0.00 |
| -- | 5027 |
| -- | CBU-SCHOOL TEXTBOOK COLLECTIONS |
| -- | 1 |
| -- | 0.00 |
| -- | SCHOOL TEXTBOOK |
| -- | 5 |
| -- | AVAILABLE |
| -- | Jul 20, 2009 |
| -- | 5027 |
| -- | Main Library Open Access Collection |
| 995 ## - | |
| -- | MAIN LIBRARY OPEN ACCESS |
| -- | 0.00 |
| -- | 004914 |
| -- | CBU-MAIN LIBRARY (Kitwe) |
| -- | 3 |
| -- | 30.40 |
| -- | HF 5429 Mas |
| -- | AVAILABLE |
| -- | 004914 |
| -- | Main Library Open Access Collection |
| 995 ## - | |
| -- | ANNEX COLLECTION (Main Library) |
| -- | 0.00 |
| -- | 725403 |
| -- | CBU-MAIN LIBRARY (Kitwe) |
| -- | 1 |
| -- | 30.40 |
| -- | HF 5429 Mas |
| -- | AVAILABLE |
| -- | 004916 |
| -- | Annex Low-Usage Collection |
| 995 ## - | |
| -- | MAIN LIBRARY OPEN ACCESS |
| -- | 0.00 |
| -- | 004915 |
| -- | CBU-MAIN LIBRARY (Kitwe) |
| -- | 4 |
| -- | 30.40 |
| -- | HF 5429 Mas |
| -- | AVAILABLE |
| -- | 004915 |
| -- | Main Library Open Access Collection |
| 999 ## - | |
| -- | 80203 |
| -- | 80203 |
| Withdrawn status | Lost status | Source of classification or shelving scheme | Damaged status | Not for loan | Permanent Location | Current Location | Shelving location | Date acquired | Total Checkouts | Full call number | Barcode | Date last seen | Copy number | Price effective from | Koha item type |
|---|---|---|---|---|---|---|---|---|---|---|---|---|---|---|---|
| CBU-MAIN LIBRARY, KITWE. | CBU-MAIN LIBRARY, KITWE. | 06/29/2023 | HF 5429 Mas | 004913 | 06/29/2023 | 1 | 06/29/2023 | MONOGRAPH | |||||||
| CBU-MAIN LIBRARY, KITWE. | CBU-MAIN LIBRARY, KITWE. | 06/29/2023 | HF 5429 Mas | 5027 | 06/29/2023 | 2 | 06/29/2023 | MONOGRAPH | |||||||
| CBU-MAIN LIBRARY, KITWE. | CBU-MAIN LIBRARY, KITWE. | 06/29/2023 | HF 5429 Mas | 004914 | 06/29/2023 | 3 | 06/29/2023 | MONOGRAPH | |||||||
| CBU-MAIN LIBRARY, KITWE. | CBU-MAIN LIBRARY, KITWE. | 06/29/2023 | HF 5429 Mas | 004916 | 06/29/2023 | 4 | 06/29/2023 | MONOGRAPH | |||||||
| CBU-MAIN LIBRARY, KITWE. | CBU-MAIN LIBRARY, KITWE. | 06/29/2023 | HF 5429 Mas | 004915 | 06/29/2023 | 5 | 06/29/2023 | MONOGRAPH |